| 000 | 01053nam a22002897a 4500 | ||
|---|---|---|---|
| 999 |
_c28512 _d28483 |
||
| 003 | EG-ScBUE | ||
| 005 | 20200719015557.0 | ||
| 008 | 200219t2017 scu f 000 0 eng d | ||
| 020 | _a9781515031918 | ||
| 040 |
_aEG-ScBUE _beng _erda _cEG-ScBUE _dEG-ScBUE |
||
| 082 | 0 | 4 |
_a153.6 _bTUH _222 |
| 100 | 1 |
_aTuhovsky, Ian, _eauthor. |
|
| 245 | 1 | 0 |
_aCommunication skills : _ba practical guide to improving your social intelligence, presentation, persuasion and public speaking skill / _cIan Tuhovsky. |
| 264 | 1 |
_a[North Charleston, South Carolina, USA] : _b[CreateSpace Independent Publishing Platform], _c[2017] |
|
| 264 | 4 | _cc2017 | |
| 300 |
_a160 pages ; _c24 cm. |
||
| 336 |
_2rdacontent _atext _btxt |
||
| 337 |
_2rdamedia _aunmediated _bn |
||
| 338 |
_2rdacarrier _avolume _bnc |
||
| 490 | 0 | _aPositive psychology coaching series | |
| 650 | 7 |
_aInterpersonal communication. _2BUEsh |
|
| 650 | 7 |
_aSuccess in business. _2BUEsh |
|
| 650 | 7 |
_aPositive psychology. _2BUEsh |
|
| 653 |
_bCOMAME _cJuly2020 |
||
| 655 |
_vReading book _934232 |
||
| 942 |
_2ddc _cBB |
||